| 000 | 00383pab a2200157 454500 | ||
|---|---|---|---|
| 008 | 180718b1998 xxu||||| |||| 00| 0 eng d | ||
| 100 | _aMuthamma, C.B. | ||
| 245 | _aA political system for India | ||
| 260 | _c1998 | ||
| 300 | _ap.28-34 | ||
| 362 | _aJan | ||
| 650 | _aPolitical systems - India | ||
| 650 | _aPolitics and government | ||
| 773 | _aPolitics India | ||
| 909 | _a36105 | ||
| 999 |
_c36105 _d36105 |
||